[Event "NOR-ch U11"]
[Site "Hamar"]
[Date "2013.11.16"]
[Round "5"]
[White "Nass, Maria"]
[Black "Hidle Bahreini, Marcus"]
[Result "1-0"]
[WhiteElo "1136"]
[BlackElo "898"]
[PlyCount "47"]
[EventDate "2013.11.15"]
[EventType "swiss"]
[EventRounds "7"]
[EventCountry "NOR"]
[SourceTitle "EXT 2024"]
[Source "ChessBase"]
[SourceDate "2023.10.10"]
[SourceVersion "1"]
[SourceVersionDate "2023.10.10"]
[SourceQuality "1"]

1. e4 e5 2. Nf3 Nc6 3. Bc4 Bc5 4. c3 Nf6 5. d4 exd4 6. e5 d5 7. Bb3 Ne4 8. cxd4 Bb4+ 9. Bd2 Bxd2+ 10. Nbxd2 Bg4 11. Qc2 Bxf3 12. Nxf3 0-0 13. 0-0 f6 14. Qxe4 Ne7 15. Qd3 c6 16. Bc2 Ng6 17. Rfe1 Re8 18. h4 Kf8 19. h5 Nf4 20. Qxh7 Qd7 21. Bf5 Qe7 22. g3 Ne6 23. Qh8+ Kf7 24. Bg6# 1-0